000 00303nam a22001217a 4500
005 20250918120028.0
008 250918b |||||||| |||| 00| 0 eng d
050 _aPA3000
_bLAW
100 _aLAWRENCE D.H.
245 _aTHE RAINBOW
260 _aLONDON
_bEVERYMAN PUBLISHERS PLC
_cc1993
942 _2lcc
_cBK
_n0
999 _c7585
_d7585